<?xml version="1.0" encoding="utf-8"?>
<?xml-stylesheet type='text/xsl' href='./oai2.xsl'?>
<OAI-PMH xmlns="http://www.openarchives.org/OAI/2.0/" xmlns:xsi="http://www.w3.org/2001/XMLSchema-instance" xsi:schemaLocation="http://www.openarchives.org/OAI/2.0/ http://www.openarchives.org/OAI/2.0/OAI-PMH.xsd">
  <responseDate>2026-06-05T11:24:26Z</responseDate>
  <request verb="GetRecord" metadataPrefix="marcxml" identifier="record_kuniweb_22062">https://kulturerbe.niedersachsen.de/oai</request>
  <GetRecord>
    <record>
      <header>
        <identifier>record_kuniweb_22062</identifier>
        <datestamp>2015-06-19T12:07:43Z</datestamp>
        <setSpec>slg0103</setSpec>
      </header>
      <metadata>
        <marc:record xmlns:marc="http://www.loc.gov/MARC21/slim" xsi:schemaLocation="http://www.loc.gov/MARC21/slim http://www.loc.gov/standards/marcxml/schema/MARC21slim.xsd">
          <marc:leader>12345nem  22     uu 4500</marc:leader>
          <marc:controlfield tag="001">22062</marc:controlfield>
          <marc:controlfield tag="003">http://kuniweb.gbv.de</marc:controlfield>
          <marc:controlfield tag="005">2015-04-18T18:40:26</marc:controlfield>
          <marc:controlfield tag="008">|           ||||||||||||||||||||||</marc:controlfield>
          <marc:datafield tag="245" ind1="1" ind2="0">
            <marc:subfield code="a">Carte des Limites des Hannovriens, prescrites par les François consequemment a la Capitulation de Closter Seven du mois de Septembre 1757</marc:subfield>
          </marc:datafield>
          <marc:datafield tag="700" ind1="1" ind2=" ">
            <marc:subfield code="a">Dubois</marc:subfield>
            <marc:subfield code="e">Zeichner</marc:subfield>
          </marc:datafield>
          <marc:datafield tag="700" ind1="1" ind2=" ">
            <marc:subfield code="a">Schley,</marc:subfield>
            <marc:subfield code="e">Kupferstecher</marc:subfield>
          </marc:datafield>
          <marc:datafield tag="655" ind1=" " ind2="7">
            <marc:subfield code="a">Karten</marc:subfield>
          </marc:datafield>
          <marc:datafield tag="046" ind1=" " ind2=" ">
            <marc:subfield code="k">1757</marc:subfield>
            <marc:subfield code="k">zwischen dargestelltem Ereignis 1757 und Veröffentlichung 1760</marc:subfield>
            <marc:subfield code="l">1760</marc:subfield>
          </marc:datafield>
          <marc:datafield tag="260" ind1=" " ind2=" ">
            <marc:subfield code="g">1757</marc:subfield>
            <marc:subfield code="g">1760</marc:subfield>
            <marc:subfield code="g">zwischen dargestelltem Ereignis 1757 und Veröffentlichung 1760</marc:subfield>
          </marc:datafield>
          <marc:datafield tag="300" ind1=" " ind2=" ">
            <marc:subfield code="a">Höhe: 10,5 cm
Breite: 31,5 cm</marc:subfield>
          </marc:datafield>
          <marc:datafield tag="520" ind1=" " ind2=" ">
            <marc:subfield code="a">Maßstäbe (in cm): 3 Lieues = 11,6
Ausrichtung: etwa Norden
Rückseite: leer

Anmerkungen: 
Die „Konvention von Kloster Zeven“, in französischer Lesart zutreffender „capitulation“, markiert den Tief- und Wendepunkt der hannoverschen Sache im Siebenjährigen Krieg. Innerhalb weniger Wochen hatte die französische Armee die alliierten Truppen unter dem Herzog von Cumberland auf Stade zurückgedrängt. In ihrem Hauptquartier im Kloster Zeven wurde ein schmachvoller Waffenstillstand ausgehandelt, Georg II. ersetzte seinen Sohn als Oberbefehlshaber der alliierten Armee durch Herzog Ferdinand von Braunschweig-Wolfenbüttel. Bereits ein Vierteljahr nach Zeven erzielte Ferdinand seine ersten Erfolge gegen die Franzosen. - Kriegskarte 07 b weicht nur durch Kolorierung von 07 a ab. –  Kriegskarten 05 bis 13 betreffen den Siebenjährigen Krieg. 

Veröffentlicht in:
als Blatt Nr. 58, Morceau II, in „Camps topographiques de la Campagne de MDCCLVII en Westphalie ...“ von J. Dubois, bei Witwe van Duren, Den Haag 1760</marc:subfield>
          </marc:datafield>
          <marc:datafield tag="650" ind1="1" ind2=" ">
            <marc:subfield code="a">Siebenjähriger Krieg</marc:subfield>
          </marc:datafield>
          <marc:datafield tag="650" ind1="1" ind2=" ">
            <marc:subfield code="a">Landkarte</marc:subfield>
          </marc:datafield>
          <marc:datafield tag="773" ind1="0" ind2=" ">
            <marc:subfield code="t">Sammlung Körber-Einbeck</marc:subfield>
          </marc:datafield>
          <marc:datafield tag="852" ind1=" " ind2=" ">
            <marc:subfield code="a">Institut für Historische Landesforschung der Universität Göttingen</marc:subfield>
          </marc:datafield>
          <marc:datafield tag="" ind1=" " ind2=" ">
            <marc:subfield code="a">Namensnennung-Nicht kommerziell 4.0 International (CC BY-NC 4.0))</marc:subfield>
          </marc:datafield>
        </marc:record>
      </metadata>
    </record>
  </GetRecord>
</OAI-PMH>
